[Event "Imola op 3rd"]
[Site "Imola"]
[Date "2021.12.08"]
[Round "4"]
[White "Vergara Meersohn, Marcos"]
[Black "Abbracciavento, Francesco"]
[Result "1-0"]
[WhiteElo "1283"]
[BlackElo "1178"]
[PlyCount "103"]
[EventDate "2021.12.06"]
[EventType "swiss"]
[EventRounds "5"]
[EventCountry "ITA"]
[SourceTitle "CBM 205 Extra"]
[Source "ChessBase"]
[SourceDate "2022.01.31"]
[SourceVersion "1"]
[SourceVersionDate "2022.01.31"]
[SourceQuality "1"]

1. e4 c5 2. Nc3 Nc6 3. g3 g6 4. Bg2 Bg7 5. d3 d6 6. Be3 Rb8 7. Qd2 b5 8. Rb1 b4 9. Nce2 Qa5 10. Nc1 Be6 11. Nge2 Bxa2 12. Ra1 Bxb2 13. Rxa2 Bc3 14. Nxc3 bxc3 15. Qd1 Qb4 16. Ra1 Rb5 17. 0-0 Ra5 18. Ne2 Rxa1 19. Qxa1 Qb2 20. Nxc3 Qxa1 21. Rxa1 e6 22. Nb5 Nge7 23. Nxa7 0-0 24. Nxc6 Nxc6 25. c3 Ne5 26. d4 cxd4 27. cxd4 Nc4 28. Bc1 Rb8 29. Bf1 d5 30. exd5 exd5 31. Bh6 Nd6 32. Bf4 Rd8 33. Bxd6 Rxd6 34. Bg2 Kg7 35. Ra5 Kf6 36. Rxd5 Rxd5 37. Bxd5 Ke7 38. f4 h6 39. Bf3 f6 40. Kf2 f5 41. g4 fxg4 42. Bxg4 Kd6 43. Bf3 Ke7 44. d5 Kd6 45. Kg3 Ke7 46. h4 h5 47. f5 gxf5 48. Kf4 Kd6 49. Kxf5 Ke7 50. Ke5 Kd7 51. Bxh5 Kd8 52. Kd4 1-0